000 00364nam a22001577a 4500
003 MACL
005 20151129142229.0
008 151129b xxu||||| |||| 00| 0 eng d
040 _cMACL
041 _aEnglish
082 _a320/GOS
100 _aGoswami,Arjun
_918733
245 _aGandhiji Speaks to The Media
650 _aPolitical
_918734
942 _2ddc
_cBK
999 _c51387
_d51387